| 000 | 01012nam a22002297a 4500 | ||
|---|---|---|---|
| 003 | OSt | ||
| 005 | 20130524124219.0 | ||
| 008 | 130524s2007 sp ||||| |||| 00| 0 sp d | ||
| 020 | _a9788497842457 | ||
| 040 | _cCDMR | ||
| 245 | 0 | 0 |
_aAlternativas a la televisión actual _cJosé Manuel Pérez Tornero ... [et al.] |
| 260 |
_aBarcelona _bGedisa |
||
| 260 |
_bFundación Alternativas _c2007 |
||
| 300 | _a303 p. | ||
| 490 | 0 | _aComunicación.txt | |
| 500 | _aConté: La televisión educativo-cultural en España: bases para un cambio de modelo / José Manuel Pérez Tornero ; Publicidad e infancia / Purificación Llanquet ... [et al.] ; El Consejo Estatal de Medios Audiovisuales / Ángel García Castillejo ; La televisión local : entre el limbo regulatorio y la esperanza digital / Emili Prado | ||
| 650 | 0 | 4 |
_92782 _aTelevisió en l'ensenyament |
| 650 | 0 | 4 |
_9166 _aPublicitat _xAspectes ètics i morals |
| 650 | 0 | 4 |
_93089 _aTelevisió local |
| 700 | 1 |
_91759 _aPérez Tornero, José Manuel |
|
| 942 |
_2udc _cMON |
||
| 999 |
_c6318 _d6318 |
||